Špecifiká účtovníctva rozpočtových organizácií a príspevkových organizácií na Slovensku diplomová práca

Salvato in:
Dettagli Bibliografici
Autore principale: Bursová, Zuzana
Ente Autore: Národohospodárska fakulta EU. Katedra financií
Altri autori: Šabíková, Ingrid
Natura: Libro
Lingua:slovacco
Pubblicazione: Bratislava 2011
Tags: Aggiungi Tag
Nessun Tag, puoi essere il primo ad aggiungerne!!

MARC

LEADER 00000nbm a2200000 4500
001 0130801
005 20161109101619.3
041 0 |a slo 
044 |a SK 
245 1 0 |a Špecifiká účtovníctva rozpočtových organizácií a príspevkových organizácií na Slovensku  |b diplomová práca  |c Zuzana Bursová ; školiteľ: Ingrid Šabíková 
264 1 |a Bratislava  |c 2011 
300 |a 74 s. 
100 1 |a Bursová, Zuzana 
700 1 |a Šabíková, Ingrid 
710 2 |a Národohospodárska fakulta EU. Katedra financií